| 000 | 02965cam a2200325 a 4500 | ||
|---|---|---|---|
| 999 |
_c25299 _d25299 |
||
| 001 | 15103193 | ||
| 005 | 20170131104110.0 | ||
| 008 | 071205s2008 nyua b 001 0 eng | ||
| 010 | _a 2007049697 | ||
| 020 | _a9780415962926 | ||
| 020 | _a0415962927 | ||
| 035 | _a(OCoLC)ocn183609139 | ||
| 050 | 0 | 0 | _aN8725 .P684 2008 |
| 245 | 0 | 4 |
_aThe practice of public art / _cedited by Cameron Cartiere and Shelly Willis. |
| 260 |
_aNew York : _bRoutledge, _c2008. |
||
| 300 |
_axi, 272 p. : _bill. ; _c24 cm. |
||
| 440 | 0 |
_aRoutledge research in cultural and media studies ; _v14 |
|
| 504 | _aIncludes bibliographical references (p. [247]-248) and index. | ||
| 505 | 0 | _aComing in from the cold: a public art history / Cameron Cartiere -- Time in place: new genre public art a decade later / Suzanne Lacy -- Space, place and site in critical spatial arts practice / Jane Rendell -- "Be a crossroads": public art practice and the cultural hybrid / Margaret Adamek and Karl Lorenz -- Critical spaces: monuments and changes / Malcolm Miles -- Toward a celebratory and liberating system of teaching public art / Stephanie Anne Johnson -- A fine public art & design education: learning and teaching public art / Faye Carey -- Public art and education: an interview with Harrell Fletcher / Shelly Willis -- The millennium park effect: a tale of two cities / Regina M. Flanagan -- Investigating the public art commissioning system: the challenges of making art in public / Shelly Willis -- Here and gone: making it happen / Kristin Calhoun and Peggy Kendellen -- As rich as getting lost in Venice: sustaining a career as a public artist in the public realm / Terri Cohn -- From margin to mainstream: dyke action machine! Public art and a Recent history of lesbian representation / Carrie Moyer -- In the storms of the world: building communities to assist social and ecological justice / James Marriott -- The art of the question: thinking like a public artist / Anonymous -- A timeline for the history of public art: the United Kingdom and the United States of America, 1900-2005 / Cameron Cartiere, Rosemary Shirley, and Shelly Willis. | |
| 650 | 0 | _aPublic art. | |
| 700 | 1 | _aCartiere, Cameron. | |
| 700 | 1 | _aWillis, Shelly. | |
| 856 | 4 | 1 |
_3Table of contents only _uhttp://www.loc.gov/catdir/toc/ecip086/2007049697.html |
| 856 | 4 | 2 |
_3Publisher description _uhttp://www.loc.gov/catdir/enhancements/fy0916/2007049697-d.html |
| 856 | 4 | 2 |
_3Contributor biographical information _uhttp://www.loc.gov/catdir/enhancements/fy1102/2007049697-b.html |
| 942 |
_2lcc _cBOOKS |
||